Szczegóły MARC21

Der Erste Weltkrieg und das Ende des Kaiserreiches : Geschichte und Wirkung /

003 -Nazwa inst., której nr kontr. jest w polu 001 [,]
    • @
    • Nazwa instytucji, której n kontrolny jest w polu 001
    • NUKAT
005 -DATA I CZAS OSTATNIEJ MODYFIKACJI [,]
    • @
    • pole kontrolne
    • 20241231113426.0
040 -Instytucja sporządzająca opis [ , ]
    • a
    • Instytucja, która sporządziła opis (NP)
    • SZCZ U/JS
    • c
    • Instytucja, która sporządziła rekord (NP)
    • SZCZ U/JSs
942 -Rodzaj dokumentu [ , ]
    • c
    • Rodzaj dokumentu
    • Książka
100 -Hasło główne - nazwa osobowa [1, ]
    • a
    • Nazwa osobowa (NP)
    • Grevelhörster, Ludger.
    • 9
    • KHW
    • 428533
245 -Strefa tytułu i oznaczenia odpowiedzialności [1,4]
    • a
    • Tytuł
    • Der Erste Weltkrieg und das Ende des Kaiserreiches : Find
    • b
    • Ciąg dalszy tytułu (NP)
    • Geschichte und Wirkung / Find
    • c
    • Pozostałe elementy strefy tytułu i oznaczenia odpowiedzialności (NP)
    • Ludger Grevelhörster.
260 -Strefa adresu wydawniczego [ , ]
    • a
    • Miejsce wydania (P)
    • Münster :
    • b
    • Nazwa wydawcy (P)
    • Aschendorff Verlag,
    • c
    • Data wydania (P)
    • cop. 2004.
300 -Strefa opisu fizycznego [ , ]
    • a
    • Określenie formy książki i/lub objętość (NP)
    • 176 s. :
    • b
    • Oznaczenie ilustracji (NP)
    • il. ;
    • c
    • Format (NP)
    • 19 cm.
336 -Typ zawartości [ , ]
    • a
    • Termin opisujący typ zawartości
    • Tekst
    • b
    • Kod określający zawartość
    • txt
    • 2
    • Źródło (terminu i kodu)
    • rdacontent
337 -Typ mediów [ , ]
    • a
    • Tryb odtwarzania
    • Bez urządzenia pośredniczącego
    • b
    • Kod typu mediów
    • n
    • 2
    • Źródło (terminu i kodu)
    • rdamedia
338 -Typ/rodzaj nośnika [ , ]
    • a
    • Hasło opisujące typ nośnika
    • Wolumin
    • b
    • Kod typu nośnika
    • nc
    • 2
    • Źródło (terminu i kodu)
    • rdacarrier
504 -Uwaga dot. bibliogr. załącznikowej [ , ]
    • a
    • Uwaga dot. bibliografii załącznikowej
    • Bibliogr. s. 170-172. Indeks.
650 -Hasło przedmiotowe [ ,7]
    • a
    • Hasło przedmiotowe
    • Wojna światowa (1914-1918)
    • z
    • Określnik geograficzny
    • Niemcy.
    • 2
    • Źródło terminu
    • kaba
    • 9
    • KHW
    • 373622
651 -Hasło przedmiotowe w formie nazwy geograficznej [ ,7]
    • a
    • Nazwa geograficzna
    • Niemcy
    • y
    • Określnik chronologiczny
    • 1871-1918 (II Rzesza).
    • 2
    • Źródło terminu
    • kaba
    • 9
    • KHW
    • 121298
710 -Hasło dodatkowe - nazwa ciała zbiorowego [2, ]
    • a
    • Nazwa ciała zbiorowego lub nazwa geograficzna jako pierwszy element (NP)
    • Aschendorff Verlag.
    • 4
    • Kod relacji
    • pbl
    • 9
    • KHW
    • 75417
Sygnatura Data inwentaryzacji Lokalizacja Numer inwentarzowy Status udost.
GERM. Historia Niemiec 342017-05-09BMG.190681